书目信息 |
| 题名: |
世界之窗
|
|
| 作者: | ;《世界之窗》编辑部 著 | |
| 分册: | 1984年第1期 | |
| 出版信息: | 上海 上海译文出版社 1984.2 |
|
| 页数: | 192页 | |
| 开本: | 19cm | |
| 丛书名: | ||
| 单 册: | ||
| 中图分类: | Z6 | |
| 科图分类: | ||
| 主题词: | 连续出版物 , 报刊 , 报纸 , 快报 , 期刊 | |
| 电子资源: | ||
| ISBN: | ||
| 000 | 00623nam0 2200229 45 | |
| 001 | 0181015455 | |
| 005 | 20060518154249.98 | |
| 010 | @dCNY0.40 | |
| 100 | @a20810111d km y0chiy0120 ea | |
| 101 | 0 | @achi |
| 200 | 1 | @a世界之窗@Ashi jie zhi chuang@h1984年第1期@f《世界之窗》编辑部著@Fshi jie zhi chuang bian ji bu |
| 210 | @a上海@c上海译文出版社@d1984.2 | |
| 215 | @a192页@d19cm | |
| 606 | 0 | @a连续出版物 |
| 606 | 0 | @a报刊 |
| 606 | 0 | @a报纸 |
| 606 | 0 | @a快报 |
| 606 | 0 | @a期刊 |
| 690 | @aZ6 | |
| 711 | 0 | @a《世界之窗》编辑部@A《shi jie zhi chuang》bian ji bu@4著 |
| 801 | @aCN@bTSTC@c20060518 | |
| 905 | @dZ6@e1/84 | |
| 世界之窗.1984年第1期/《世界之窗》编辑部著.-上海:上海译文出版社,1984.2 |
| 192页;19cm |
| ISBN :CNY0.40 |
| ● |
| 相关链接 |
|
|
|
|
正题名:世界之窗
索取号:Z6/1/84
 
预约/预借
| 序号 | 登录号 | 条形码 | 馆藏地/架位号 | 状态 | 备注 |
| 1 | 0102548 | 202347558 | 密集书库/ [索取号:Z6/1/84] | 在馆 | |
| 2 | 0102549 | 202347585 | 密集书库/ [索取号:Z6/1/84] | 在馆 | |
| 3 | 0102550 | 202140860 | 密集书库/ [索取号:Z6/1/84] | 在馆 |